Excel 5 for Windows instant reference / (Record no. 99)

000 -LEADER
fixed length control field 01054cam a2200325 a 4500
001 - CONTROL NUMBER
control field 3472558
003 - CONTROL NUMBER IDENTIFIER
control field Nust
005 - DATE AND TIME OF LATEST TRANSACTION
control field 20170105095819.0
008 - FIXED-LENGTH DATA ELEMENTS--GENERAL INFORMATION
fixed length control field 940418s1994 caua 001 0 eng d
010 ## - LIBRARY OF CONGRESS CONTROL NUMBER
LC control number 93087246
020 ## - INTERNATIONAL STANDARD BOOK NUMBER
International Standard Book Number 0782113257 :
Terms of availability $9.99
035 ## - SYSTEM CONTROL NUMBER
System control number (OCoLC)29895512
040 ## - CATALOGING SOURCE
Original cataloging agency NJQ
Transcribing agency NJQ
Modifying agency DLC
042 ## - AUTHENTICATION CODE
Authentication code lccopycat
050 00 - LIBRARY OF CONGRESS CALL NUMBER
Classification number HF5548.4.M523
Item number H4722 1994
082 00 - DEWEY DECIMAL CLASSIFICATION NUMBER
Classification number 005.369
Edition number 20
100 1# - MAIN ENTRY--PERSONAL NAME
Personal name Hergert, Douglas.
245 10 - TITLE STATEMENT
Title Excel 5 for Windows instant reference /
Statement of responsibility, etc. Douglas Hergert.
260 ## - PUBLICATION, DISTRIBUTION, ETC.
Place of publication, distribution, etc. San Francisco :
Name of publisher, distributor, etc. Sybex,
Date of publication, distribution, etc. c1994.
300 ## - PHYSICAL DESCRIPTION
Extent xiii, 287 p. :
Other physical details ill. ;
Dimensions 21 cm.
440 #4 - SERIES STATEMENT/ADDED ENTRY--TITLE
Title The Sybex instant reference series
500 ## - GENERAL NOTE
General note Includes index.
630 00 - SUBJECT ADDED ENTRY--UNIFORM TITLE
Uniform title Microsoft Excel (Computer file)
650 #0 - SUBJECT ADDED ENTRY--TOPICAL TERM
Topical term or geographic name entry element Business
General subdivision Computer programs.
650 #0 - SUBJECT ADDED ENTRY--TOPICAL TERM
Topical term or geographic name entry element Electronic spreadsheets.
740 0# - ADDED ENTRY--UNCONTROLLED RELATED/ANALYTICAL TITLE
Uncontrolled related/analytical title Excel five for Windows instant reference.
906 ## - LOCAL DATA ELEMENT F, LDF (RLIN)
a 7
b cbc
c copycat
d 2
e opcn
f 19
g y-gencatlg
942 ## - ADDED ENTRY ELEMENTS (KOHA)
Source of classification or shelving scheme
Koha item type Book
Holdings
Withdrawn status Lost status Source of classification or shelving scheme Damaged status Not for loan Permanent Location Current Location Date acquired Total Checkouts Full call number Barcode Date last seen Price effective from Koha item type
          Institute of Environmental Science and Engineering (IESE) Institute of Environmental Science and Engineering (IESE) 12/08/2016   005.369 IESE-224 12/08/2016 12/08/2016 Book
© 2023 Central Library, National University of Sciences and Technology. All Rights Reserved.